<?xml version="1.0" encoding="UTF-8"?><record xmlns="http://www.loc.gov/MARC21/slim" xmlns:zs="http://docs.oasis-open.org/ns/search-ws/sruResponse">
  <leader>03449cam a22007333a 4500</leader>
  <controlfield tag="001">16356616</controlfield>
  <controlfield tag="005">20250607035832.1</controlfield>
  <controlfield tag="008">880812s1880    it            000 1 ita d</controlfield>
  <datafield ind1=" " ind2=" " tag="906">
    <subfield code="a">7</subfield>
    <subfield code="b">cbc</subfield>
    <subfield code="c">copycat</subfield>
    <subfield code="d">3</subfield>
    <subfield code="e">ncip</subfield>
    <subfield code="f">20</subfield>
    <subfield code="g">y-genmusic</subfield>
  </datafield>
  <datafield ind1=" " ind2=" " tag="955">
    <subfield code="e">vk67 2012-05-02 microfilm added</subfield>
  </datafield>
  <datafield ind1=" " ind2=" " tag="955">
    <subfield code="a">LCAP batch update 2025-06-01-04:00: LCAPM-644</subfield>
  </datafield>
  <datafield ind1=" " ind2=" " tag="010">
    <subfield code="a">  2010657163</subfield>
  </datafield>
  <datafield ind1=" " ind2=" " tag="035">
    <subfield code="a">16356616</subfield>
  </datafield>
  <datafield ind1=" " ind2=" " tag="035">
    <subfield code="a">(DLC)musschatz.10562</subfield>
  </datafield>
  <datafield ind1=" " ind2=" " tag="035">
    <subfield code="a">(Sirsi) ALF7956</subfield>
  </datafield>
  <datafield ind1=" " ind2=" " tag="035">
    <subfield code="a">(CStRLIN)VAUP88-B796</subfield>
  </datafield>
  <datafield ind1=" " ind2=" " tag="040">
    <subfield code="a">ViU</subfield>
    <subfield code="c">ViU</subfield>
    <subfield code="d">DLC</subfield>
  </datafield>
  <datafield ind1="0" ind2=" " tag="041">
    <subfield code="a">ita</subfield>
  </datafield>
  <datafield ind1="0" ind2="0" tag="050">
    <subfield code="a">ML48</subfield>
    <subfield code="b">[S11791]</subfield>
  </datafield>
  <datafield ind1=" " ind2=" " tag="051">
    <subfield code="a">Microfilm Music 1854, reel 239.</subfield>
    <subfield code="c">Microfilm. Washington, D.C. : Library of Congress, [197-]. 1 microfilm reel ; 35 mm.</subfield>
  </datafield>
  <datafield ind1="1" ind2=" " tag="100">
    <subfield code="a">Bottesini, Giovanni,</subfield>
    <subfield code="d">1821-1889,</subfield>
    <subfield code="e">composer.</subfield>
  </datafield>
  <datafield ind1="1" ind2="0" tag="240">
    <subfield code="a">Ero e Leandro.</subfield>
    <subfield code="s">Libretto.</subfield>
    <subfield code="l">Italian</subfield>
  </datafield>
  <datafield ind1="1" ind2="0" tag="245">
    <subfield code="a">Ero e Leandro :</subfield>
    <subfield code="b">tragedia lirica in tre atti /</subfield>
    <subfield code="c">di Tobia Gorrio ; musica di Giovanni Bottesini ; Roma, teatro Apollo, quaresima 1880.</subfield>
  </datafield>
  <datafield ind1=" " ind2=" " tag="260">
    <subfield code="a">Milano :</subfield>
    <subfield code="b">R. stabilimento musicale Tito di Gio. Ricordi,</subfield>
    <subfield code="c">[1880?]</subfield>
  </datafield>
  <datafield ind1=" " ind2=" " tag="300">
    <subfield code="a">[2], 39, [1] p. ;</subfield>
    <subfield code="c">19 cm.</subfield>
  </datafield>
  <datafield ind1=" " ind2=" " tag="336">
    <subfield code="a">text</subfield>
    <subfield code="b">txt</subfield>
    <subfield code="2">rdacontent</subfield>
  </datafield>
  <datafield ind1=" " ind2=" " tag="337">
    <subfield code="a">unmediated</subfield>
    <subfield code="b">n</subfield>
    <subfield code="2">rdamedia</subfield>
  </datafield>
  <datafield ind1=" " ind2=" " tag="338">
    <subfield code="a">volume</subfield>
    <subfield code="b">nc</subfield>
    <subfield code="2">rdacarrier</subfield>
  </datafield>
  <datafield ind1=" " ind2=" " tag="500">
    <subfield code="a">U.S. RISM Libretto Project.</subfield>
  </datafield>
  <datafield ind1=" " ind2=" " tag="500">
    <subfield code="a">"Prezzo netto una lira"--front cover; legal notice--p. 2; prologue--p. 5; list of musical numbers--back cover.</subfield>
  </datafield>
  <datafield ind1=" " ind2=" " tag="500">
    <subfield code="a">"Atto I, Il tempio di venere; Atto II, L'afrodisio; Atto III, La torre della vergine"--p. 3.</subfield>
  </datafield>
  <datafield ind1=" " ind2=" " tag="500">
    <subfield code="a">"Maestro concertatore e direttore d'orchestra, signor Cav. Luigi Mancinelli"--p. 4.</subfield>
  </datafield>
  <datafield ind1=" " ind2=" " tag="500">
    <subfield code="a">"Maestro supplemento, signor Stanislao Falchi"--p. 4.</subfield>
  </datafield>
  <datafield ind1=" " ind2=" " tag="500">
    <subfield code="a">"Direttore di scena, signor Guglielmo Canori"--p. 4.</subfield>
  </datafield>
  <datafield ind1=" " ind2=" " tag="500">
    <subfield code="a">"Maestro dei cori, Vincenzo Molaioli"--p. 4.</subfield>
  </datafield>
  <datafield ind1=" " ind2=" " tag="500">
    <subfield code="a">"Scena prima e seconda, dipinta dal signor Luigi Bazzani"--p. 4.</subfield>
  </datafield>
  <datafield ind1=" " ind2=" " tag="500">
    <subfield code="a">"Scena terza, dipinta dal signor Giuseppe Ceccato"--p. 4.</subfield>
  </datafield>
  <datafield ind1=" " ind2=" " tag="500">
    <subfield code="a">"Vestiaristi proprietarî : signori Raffaele Vicinelli e Clemente Veneziani"--p. 4.</subfield>
  </datafield>
  <datafield ind1=" " ind2=" " tag="500">
    <subfield code="a">"Macchinisti: signori Francesco Morelli e Luigi Smith"--p. 4.</subfield>
  </datafield>
  <datafield ind1=" " ind2=" " tag="500">
    <subfield code="a">"Attrezzista, signor Andrea Unzer"--p. 4.</subfield>
  </datafield>
  <datafield ind1=" " ind2=" " tag="500">
    <subfield code="a">Personaggi: ERO. Turolla Emma -- LEANDRO. Stagno Roberto -- ARIOFARNE. Nannetti Romano--p. 3.</subfield>
  </datafield>
  <datafield ind1=" " ind2=" " tag="518">
    <subfield code="a">Performance: Roma, Teatro Apollo, 1880.</subfield>
  </datafield>
  <datafield ind1=" " ind2="0" tag="650">
    <subfield code="a">Operas</subfield>
    <subfield code="v">Librettos.</subfield>
  </datafield>
  <datafield ind1=" " ind2=" " tag="653">
    <subfield code="a">Ero</subfield>
  </datafield>
  <datafield ind1=" " ind2=" " tag="653">
    <subfield code="a">Leandro</subfield>
  </datafield>
  <datafield ind1=" " ind2=" " tag="653">
    <subfield code="a">Ariofarne</subfield>
  </datafield>
  <datafield ind1="1" ind2=" " tag="720">
    <subfield code="a">Unzer, Andrea.</subfield>
    <subfield code="e">producerduction personnel.</subfield>
  </datafield>
  <datafield ind1="1" ind2=" " tag="720">
    <subfield code="a">Boito, Arrigo, 1842-1918,</subfield>
    <subfield code="e">librettist.</subfield>
  </datafield>
  <datafield ind1="1" ind2=" " tag="720">
    <subfield code="a">Turolla, Emma.</subfield>
    <subfield code="e">vocalist.</subfield>
  </datafield>
  <datafield ind1="1" ind2=" " tag="720">
    <subfield code="a">Stagno, Roberto, 1848-1897,</subfield>
    <subfield code="e">vocalist.</subfield>
  </datafield>
  <datafield ind1="1" ind2=" " tag="720">
    <subfield code="a">Nannetti, Romano.</subfield>
    <subfield code="e">vocalist.</subfield>
  </datafield>
  <datafield ind1="1" ind2=" " tag="720">
    <subfield code="a">Mancinelli, Luigi, 1848-1921,</subfield>
    <subfield code="e">conductor</subfield>
    <subfield code="e">instrumentalist.</subfield>
  </datafield>
  <datafield ind1="1" ind2=" " tag="720">
    <subfield code="a">Falchi, Stanislao, 1851-1922,</subfield>
    <subfield code="e">conductor</subfield>
    <subfield code="e">instrumentalist.</subfield>
  </datafield>
  <datafield ind1="1" ind2=" " tag="720">
    <subfield code="a">Canori, Guglielmo.</subfield>
    <subfield code="e">artist.</subfield>
  </datafield>
  <datafield ind1="1" ind2=" " tag="720">
    <subfield code="a">Molaioli, Vincenzo.</subfield>
    <subfield code="e">conductor.</subfield>
  </datafield>
  <datafield ind1="1" ind2=" " tag="720">
    <subfield code="a">Bazzani, Luigi.</subfield>
    <subfield code="e">producerduction personnel</subfield>
    <subfield code="e">artist.</subfield>
  </datafield>
  <datafield ind1="1" ind2=" " tag="720">
    <subfield code="a">Ceccato, Giuseppe.</subfield>
    <subfield code="e">producerduction personnel</subfield>
    <subfield code="e">artist.</subfield>
  </datafield>
  <datafield ind1="1" ind2=" " tag="720">
    <subfield code="a">Vicinelli, Raffaele.</subfield>
    <subfield code="e">producerduction personnel.</subfield>
  </datafield>
  <datafield ind1="1" ind2=" " tag="720">
    <subfield code="a">Veneziani, Clemente.</subfield>
    <subfield code="e">producerduction personnel.</subfield>
  </datafield>
  <datafield ind1="1" ind2=" " tag="720">
    <subfield code="a">Morel, François, b. ca. 1768,</subfield>
    <subfield code="e">producerduction personnel.</subfield>
  </datafield>
  <datafield ind1="1" ind2=" " tag="720">
    <subfield code="a">Smith, Luigi.</subfield>
    <subfield code="e">producerduction personnel.</subfield>
  </datafield>
  <datafield ind1="4" ind2="1" tag="856">
    <subfield code="u">http://hdl.loc.gov/loc.music/musschatz.10562</subfield>
  </datafield>
  <datafield ind1=" " ind2=" " tag="985">
    <subfield code="e">USRISMlibretto</subfield>
  </datafield>
  <datafield ind1=" " ind2=" " tag="985">
    <subfield code="e">musschatz_scanning_2016</subfield>
  </datafield>
</record>
